Statistics for American Celebrities Turned into Cartoon Characters

Click here to take the quiz!

General Stats

  • This quiz has been taken 686 times
  • The average score is 13 of 16

Answer Stats

Answer% Correct
Barack Obama
99%
Donald Trump
99%
Michael Jackson
99%
Dwayne Johnson
97%
Elvis Presley
94%
Morgan Freeman
93%
Keanu Reeves
90%
Mark Zuckerberg
89%
Kim Kardashian
88%
Ariana Grande
87%
Meghan Markle
82%
Brad Pitt
77%
Elon Musk
76%
Britney Spears
67%
Taylor Swift
55%
Angelina Jolie
43%

Score Distribution

Percentile by Number Answered

Percent of People with Each Score

Your Score History

You have not taken this quiz